| 000 | 00887cam a22002775a 4500 | ||
|---|---|---|---|
| 001 | 14299504 | ||
| 005 | 20151116141503.0 | ||
| 008 | 060314t2006 ne a frb 001 0 eng d | ||
| 020 | _z012370530 | ||
| 020 | _a0123705320 | ||
| 020 | _a9780123705327 | ||
| 040 |
_aDLC _beng _cDLC _dYDXCP _dBAKER _dIXA _dOCLCQ _dBTCTA _dDLC _dEG-ScBUE |
||
| 082 | 0 | 4 |
_a658.5 _bELH _222 |
| 100 | 1 |
_aEl-Halwagi, Mahmoud M., _d1962- _938628 |
|
| 245 | 1 | 0 |
_aProcess integration / _cMahmoud M. El-Halwagi. |
| 260 |
_aAmsterdam : _bElsevier / Academic Press, _cc.2006. |
||
| 300 |
_axv, 398 p. : _bill. ; _c27 cm. |
||
| 490 | 0 |
_aProcess systems engineering ; _vv. 7. |
|
| 500 | _aIndex : p. 395-398. | ||
| 504 | _aIncludes bibliographical references. | ||
| 650 | 7 |
_aProcess control. _2BUEsh _929414 |
|
| 651 | _2BUEsh | ||
| 653 |
_bENGCHE _cJuly2015 _cNovember2015 |
||
| 655 |
_vText book _933728 |
||
| 942 | _2ddc | ||
| 999 |
_c20213 _d20185 |
||